00500 a2200145 4500020001500000040001300015100001800028245013000046250001200176260005800188300003600246500002000282650002700302700002500329 a0199249725 aDLCbDLC1 aJordan, D. W.10aMathematical techniques : an introduction for the engineering, physical, and mathematical sciencescD.W. Jordan and P. Smith. a3rd ed. aOxford ;aNew York :bOxford University Press,c2002. axviii, 862 p. :bill. ;c25 cm. aIncludes index. 0aMathematical analysis.1 aSmith, Peter,d1935-